000
00228nam a2200109Ia 4500
100
_a
Barapte/R .A.
942
_c
BK
245
_a
Electronic Instruments.
260
_b
Technova
_a
Pune
082
_a
621.374/BAR
546
_a
ENGLISH
999
_c
22114
_d
22114